Từ tòa Bạch ốc đến dinh Độc Lập
Uloženo v:
| Hlavní autor: | |
|---|---|
| Médium: | Kniha |
| Jazyk: | Undetermined |
| Vydáno: |
Tp. HCM
Trẻ
1996
|
| Témata: | |
| Tagy: |
Přidat tag
Žádné tagy, Buďte první, kdo otaguje tento záznam!
|
| Thư viện lưu trữ: | Trung tâm Học liệu Trường Đại học Cần Thơ |
|---|
| LEADER | 00521nam a2200169Ia 4500 | ||
|---|---|---|---|
| 001 | CTU_10984 | ||
| 008 | 210402s9999 xx 000 0 und d | ||
| 082 | |a 959.704332 | ||
| 082 | |b S315/T2 | ||
| 100 | |a Jerrold L Schecter | ||
| 245 | 0 | |a Từ tòa Bạch ốc đến dinh Độc Lập | |
| 245 | 0 | |c Jerrold L Schecter, Nguyễn Tiến Hưng | |
| 260 | |a Tp. HCM | ||
| 260 | |b Trẻ | ||
| 260 | |c 1996 | ||
| 650 | |a vietnamese conflict, 1961-1975 | ||
| 980 | |a Trung tâm Học liệu Trường Đại học Cần Thơ | ||